|
|
|
|
| LEADER |
01193cam a2200373 i 4500 |
| 001 |
nkc20193076850 |
| 003 |
CZ PrNK |
| 005 |
20190503100844.0 |
| 007 |
ta |
| 008 |
190222s2019 xr g 000 f cze d |
| 015 |
|
|
|a cnb003076850
|
| 020 |
|
|
|a 978-80-7597-274-3
|q (vázáno)
|
| 035 |
|
|
|a (OCoLC)1104144892
|
| 040 |
|
|
|a CBA001
|b cze
|d ABG001
|d OLA001
|e rda
|
| 072 |
|
7 |
|a 821.162.3-3
|x Česká próza
|2 Konspekt
|9 25
|
| 080 |
|
|
|a 821.162.3-31
|2 MRF
|
| 080 |
|
|
|a (0:82-31)
|2 MRF
|
| 100 |
1 |
|
|a Janda, Martin,
|d 1976-
|7 xx0232972
|4 aut
|
| 245 |
1 |
0 |
|a Pro dnešek a pro příště zavřeno :
|b příběh ze Sudet /
|c Martin Janda
|
| 246 |
3 |
0 |
|a Příběh ze Sudet
|
| 264 |
|
1 |
|a Praha :
|b XYZ,
|c 2019
|
| 300 |
|
|
|a 208 stran ;
|c 21 cm
|
| 336 |
|
|
|a text
|b txt
|2 rdacontent
|
| 337 |
|
|
|a bez média
|b n
|2 rdamedia
|
| 338 |
|
|
|a svazek
|b nc
|2 rdacarrier
|
| 655 |
|
7 |
|a české romány
|7 fd133974
|2 czenas
|
| 655 |
|
9 |
|a Czech fiction
|2 eczenas
|
| 910 |
2 |
|
|a BOA001
|b 2-1423.823
|
| 920 |
|
|
|a 4463870
|z ABG001
|
| 928 |
9 |
|
|a Albatros Media - XYZ
|
| 990 |
|
|
|a BK
|
| 995 |
|
|
|a 01
|
| 991 |
|
|
|b 201903
|c NOV
|
| 996 |
6 |
|
|b 2610773180
|c 2-1423.823
|l MZK
|r Sklad / do 1 hodiny
|n 0
|p p.v.
|w 001711210
|u 000010
|a 1
|e BOA001
|j MZK50
|s P
|